Spider-Man Trilogy Cast - Sudden Death - Statistics

General Stats
  • This quiz has been taken 304 times
  • The average score is 8 of 18
Answers on the Grid
Answers color-coded by a green-red scale on the quiz's grid according to % correct below.
Tobey Maguire
Bruce Campbell
Ted Raimi
Bill Nunn
James Franco
Rosemary Harris
Cliff Robertson
Willem Dafoe
Shia LaBeouf
Chris Cooper
Emma Stone
Natalie Portman
James Cromwell
Thomas Haden Church
Paul Giamatti
Randy Savage
Seth Rogen
John Malkovich
Dave Chappelle
Kirsten Dunst
John Cena
Bryce Dallas Howard
Alfred Molina
J.K. Simmons
Lizzy Caplan
Stan Lee
Rhys Ifans
Elizabeth Banks
Felicity Jones
Topher Grace
 
Answer Stats
Answer % Correct
Tobey Maguire
99%
Willem Dafoe
78%
James Franco
74%
Stan Lee
58%
J.K. Simmons
55%
Kirsten Dunst
55%
Alfred Molina
42%
Bruce Campbell
42%
Bryce Dallas Howard
38%
Ted Raimi
38%
Rosemary Harris
35%
Thomas Haden Church
33%
Topher Grace
31%
Cliff Robertson
25%
Elizabeth Banks
22%
Randy Savage
16%
James Cromwell
15%
Bill Nunn
12%
No matching quizzes found
Score Distribution
Percent of People with Each Score
Percentile by Number Answered
Your Score History
You have not taken this quiz